000 00354nam a2200157Ia 4500
008 230524s9999 xx 000 0 und d
082 _a537
_bGUP
100 _aS.L.Gupta
245 0 _aElectrodynamics
250 _a1ST
260 _aNEW DELHI
_bPragati
_c2004
300 _aVIII;520
500 _aQuantity Number: 2
650 _aPhysics
942 _cBK
999 _c8889
_d8889